Bilecik Bilecik Bilecik Bilecik Bilecik

Teknolojinin evrimi=The evolution of technology/ (Record no. 28486)

MARC details
000 -BAŞLIK
Sabit Uzunluktaki Kontrol Alanı 01053nam a22003257a 4500
001 - KONTROL NUMARASI
Control Dosyası 0028564
003 - KONTROL NUMARASI KİMLİĞİ
Kontrol Alanı KOHA_MİRAKIL
005 - EN SON İŞLEM TARİHİ ve ZAMANI
Kontrol Alanı 20260207002634.0
007 - FİZİKSEL TANIM SABİT ALAN - GENEL BİLGİ
Sabit uzunluklu kontrol alanı ta
008 - SABİT UZUNLUKTAKİ VERİ ÖGELERİ - GENEL BİLGİ
Sabit Alan 110316b1996 tu a|||gr||||#||||0|tur |
020 ## - ISBN - ULUSLARARASI STANDART KİTAP NUMARASI
Isbn 9754030472
Kullanılabilirlik koşulları ,01
040 ## - KATALOGLAMA KAYNAĞI
Özgün Kataloglama Kurumu TR-BiSEU
Kataloglama Dili tur
Çeviri Kurumu TR-BiSEU
Açıklama Kuralları rda
041 0# - DİL KODU
Metin ya da ses kaydının dil kodu tur
044 ## - YAYINLAYAN/ÜRETEN KURULUŞUN ÜLKE KODU
ISO country code tu
050 ## - SINIFLAMA ve YER NUMARASI
Sınıflama Numarası T15
Yer Numarası .B37 1996
100 1# - KİŞİ ADI
Yazar Adı (Kişi adı) Basalla, George..
245 1# - ESER ADI BİLDİRİMİ
Başlık Teknolojinin evrimi=The evolution of technology/
Sorumluluk Bildirimi George. Basalla ; George Basalla ;çev.Cem Soydemir.
264 #1 - ÜRERİM, YAYIN, DAĞITIM ve TELİF BİLDİRİMİ
Yayın yeri Ankara :
Yayınlayan Tübitak
Yayın tarihi 1996
300 ## - FİZİKSEL TANIMLAMA
Sayfa, Cilt vb. iii, 312 sayfa :
Diğer fiziki detaylar resayfa :
-- 19 cm.
336 ## - İÇERİK TÜRÜ
Content type term metin
Content type code txt
Source rdacontent
337 ## - MEDYA TÜRÜ
Media type term aracısız
Media type code n
Source rdamedia
338 ## - TAŞIYICI TÜRÜ
Carrier type term cilt
Carrier type code nc
Source rdacarrier
490 1# - DİZİ BİLDİRİMİ
Dizi Bildirimi TÜBİTAK popüler bilim kitapları ;
Cilt Numarası 29
500 ## - GENEL NOT
Genel Not Translation of :The evolution of technology
500 ## - GENEL NOT
Genel Not Kaynakça ve dizin var.
650 #0 - KONU BAŞLIĞI EK GİRİŞ - KONU TERİMİ
Konusal terim veya coğrafi ad Technology--History.
9 (RLIN) 26721
650 #0 - KONU BAŞLIĞI EK GİRİŞ - KONU TERİMİ
Konusal terim veya coğrafi ad Technology--Philosophy.
9 (RLIN) 26722
830 1# - SERİ EK GİRİŞİ - TEKBİÇİM ESER ADI
Tekbiçim Başlık TÜBİTAK popüler bilim kitapları ;
Volume number/sequential designation 29
9 (RLIN) 4967
942 ## - EK GİRİŞ ÖGELERİ (KOHA)
Source of classification or shelving scheme Library of Congress Classification
Koha item type Book
Holdings
Materyal Türü Kalıcı Konum Mevcut Konum Raf Yeri Sınıflandırma Kaynağı Edinim Bilgisi Ana Konular Alt Konular Yer Numarası Demirbaş Numarası Fatura Tarihi Geri Çekilme Durumu Kayıp Durumu Hasarlı Durumu Kredi için değil Kayıt Tarih Toplam Ödünçverme Son Görülme Tarihi Son Kontrol Tarihi Genel / Bağış Notu
Book Prof. Dr. Azmi Özcan Kütüphanesi Prof. Dr. Azmi Özcan Kütüphanesi Birûni Salonu Library of Congress Classification Bağış TEKNOLOJİ Teknoloji (Genel) T15 .B37 1996 0028564 02/02/2026         16/03/2011 1 05/12/2024 05/12/2024 Ali Esat Dalka